banner-ar

الشئون المنزلية للناشئات / (Record no. 29777)

MARC details
000 -الفاتح
حقل البيانات ثابتة الطول 00948nam a2200277Ia 4500
008 - عناصر البيانات ثابتة الطول - معلومات عامة
حقل البيانات ثابتة الطول 140319s9999 xx 000 0 ara d
040 ## - مصدر الفهرسة
وكالة الفهرسة الأصلية GCL /
وكالة النسخ GCL
082 04 - رقم تصنيف ديوى العشرى
رقم التصنيف 640
رقم المادة ج ش
100 1# - المدخل الرئيسى - إسم شخصى
الإسم الشخصى جونزا، ايفيلين
245 10 - بيان العنوان
العنوان الشئون المنزلية للناشئات /
بيان المسئوليه,etc جونزا، ايفيلين
700 1# - المدخل الاضافى - اسم شخصى
الإسم الشخصى برنهام، هيلين
700 1# - المدخل الاضافى - اسم شخصى
الإسم الشخصى اسعاد جودة عفيفى
700 1# - المدخل الاضافى - اسم شخصى
الإسم الشخصى نظيرة نقولا
260 ## - PUBLICATION, DISTRIBUTION, ETC. (IMPRINT)
تاريخ النشر أو التوزيع 1994
300 ## - الوصف المادى
التعداد 498
490 ## - بيان السلسلة
عنوان السلسلة مجموعة الكتب الدراسية والمراجع الامريكية
رقم المجلد/ التعيين التسلسلي 0
650 04 - المدخل الاضافى بالموضوع-مصطلح موضوعى
مصطلح موضوعي الاقتصاد المنزلى
650 04 - المدخل الاضافى بالموضوع-مصطلح موضوعى
مصطلح موضوعي الترفيه
650 04 - المدخل الاضافى بالموضوع-مصطلح موضوعى
مصطلح موضوعي شغل الابرة
650 04 - المدخل الاضافى بالموضوع-مصطلح موضوعى
مصطلح موضوعي الاغذية
650 04 - المدخل الاضافى بالموضوع-مصطلح موضوعى
مصطلح موضوعي التعليم النسوى
650 04 - المدخل الاضافى بالموضوع-مصطلح موضوعى
مصطلح موضوعي تنظيف الملابس
650 04 - المدخل الاضافى بالموضوع-مصطلح موضوعى
مصطلح موضوعي الحياكة
942 ## - عناصر المدخل الإضافي( كوها)
مصدر التصنيف او مخطط الترفيف Dewey Decimal Classification
Koha [default] item type كتاب
260 ## - PUBLICATION, DISTRIBUTION, ETC. (IMPRINT)
-- [S.N] :
-- لجنة الاعلام والدراسات المستقبلية ،
Holdings
حالة التراجع حالة الفقد حالة تلف ليس للاعارة المكان المؤقت الموقع الحالى تاريخ الاكتساب اجمالي اﻻعارات رقم الطلب الباركود تاريخ اخر مشاهدة تاريخ تفعيل السعر نوع وعاء كوها
        مكتبة القاهرة الكبرى مكتبة القاهرة الكبرى 03/26/2014   640\ج ش 69075 03/26/2014 03/26/2014 كتاب
        مكتبة القاهرة الكبرى مكتبة القاهرة الكبرى 03/26/2014   640\ج ش 69076 03/26/2014 03/26/2014 كتاب

Powered By

EGPV